UK propertywatch Q3 2012 (Record no. 84151)

MARC details
000 -LEADER
fixed length control field 01141cad a22002055a 4500
001 - CONTROL NUMBER
control field L156776
008 - FIXED-LENGTH DATA ELEMENTS--GENERAL INFORMATION
fixed length control field 120713s2012 xxk 000 0 eng d
035 ## - SYSTEM CONTROL NUMBER
System control number (Sirsi) u156776
041 0# - LANGUAGE CODE
Language code of text/sound track or separate title eng
110 2# - MAIN ENTRY--CORPORATE NAME
Corporate name or jurisdiction name as entry element CBRE Global Investors
9 (RLIN) 5985
245 00 - TITLE STATEMENT
Title UK propertywatch Q3 2012
Medium [electronic resource]
260 ## - PUBLICATION, DISTRIBUTION, ETC.
Place of publication, distribution, etc. [S.l.]
Name of publisher, distributor, etc. CBRE Global investors
Date of publication, distribution, etc. 2012
490 #0 - SERIES STATEMENT
Series statement CBRE Global Investors UK Propertywatch
Volume/sequential designation Q3 2012
520 ## - SUMMARY, ETC.
Summary, etc. Highlights three themes that have featured persistently in the UK property market: the unresolved Eurozone crisis; the exacerbation of the North/South divide, or better stated the "London versus the rest" phenomenon; and the prime and secondary property yield gap. The bearish, below-consensus UK property forecasts are predicated on the belief that secondary property values, in particular, will need to be written down further.
590 ## - LOCAL NOTE (RLIN)
Local note NTK KA
651 #4 - SUBJECT ADDED ENTRY--GEOGRAPHIC NAME
Geographic name United Kingdom
690 ## - LOCAL SUBJECT ADDED ENTRY--TOPICAL TERM (OCLC, RLIN)
Topical term or geographic name as entry element Commercial property
9 (RLIN) 6227
856 40 - ELECTRONIC LOCATION AND ACCESS
Uniform Resource Identifier <a href="https://www.cbreglobalinvestors.com/research/publications/Documents/propertywatch/UKPropertyWatch_Q3%202012.pdf">https://www.cbreglobalinvestors.com/research/publications/Documents/propertywatch/UKPropertyWatch_Q3%202012.pdf</a>
Public note View the report at www.cbreglobalinvestors.com
942 ## - ADDED ENTRY ELEMENTS (KOHA)
Suppress in OPAC 0
Holdings
Withdrawn status Lost status Source of classification or shelving scheme Damaged status Not for loan Home library Current library Shelving location Date acquired Total Checkouts Full call number Barcode Date last seen Copy number Price effective from Koha item type
    Dewey Decimal Classification     Virtual Virtual Online 13/07/2012   ONLINE PUBLICATION 156776-2001 06/08/2019 1 06/08/2019 Book